Escritos sobre educación (Registro nro. 7034)
[ vista simple ]
| 000 -LEADER | |
|---|---|
| fixed length control field | 01139 a2200229 4500 |
| 001 - CONTROL NUMBER | |
| control field | 60524 |
| 005 - DATE AND TIME OF LATEST TRANSACTION | |
| control field | 20260407155856.0 |
| 008 - FIXED-LENGTH DATA ELEMENTS--GENERAL INFORMATION | |
| fixed length control field | 260407a2011 arg spa d |
| 003 - CONTROL NUMBER IDENTIFIER | |
| control field | AR-UNSa-BCEJYS |
| 040 ## - CATALOGING SOURCE | |
| Original cataloging agency | AR-UNSa-BCEJYS |
| Language of cataloging | spa |
| Transcribing agency | AR-UNSa-BCEJYS |
| 080 ## - UNIVERSAL DECIMAL CLASSIFICATION NUMBER | |
| Universal Decimal Classification number | 37(09) |
| Common auxiliary subdivision | Historia de la Educación |
| 020 ## - INTERNATIONAL STANDARD BOOK NUMBER | |
| International Standard Book Number | 978-987-26468-5-1 |
| 041 ## - LANGUAGE CODE | |
| Language code of text/sound track or separate title | spa |
| 100 1# - MAIN ENTRY--PERSONAL NAME | |
| Personal name | Belgrano, Manuel |
| 245 10 - TITLE STATEMENT | |
| Title | Escritos sobre educación |
| Name of part/section of a work | selección de textos |
| 264 #1 - PRODUCTION, PUBLICATION, DISTRIBUTION, MANUFACTURE, AND COPYRIGHT NOTICE | |
| Place of production, publication, distribution, manufacture | La Plata : |
| Name of producer, publisher, distributor, manufacturer | UNIPE |
| Date of production, publication, distribution, manufacture, or copyright notice | 2011 |
| 300 ## - PHYSICAL DESCRIPTION | |
| Extent | 169 p. |
| Dimensions | 24 cm. |
| 505 ## - FORMATTED CONTENTS NOTE | |
| Formatted contents note | 1. Manuel Belgrano: dilemas del pensamiento educativo de un ilustrado católico y revolucionario / Rafael S. Gagliano - 2. Escritos sobre educación. Selección de textos – 3. Autobiografía – 4. Medios generales de fomentar la agricultura, animar la industria y proteger el comercio en un país agricultor – 5. Memoria escrita por el Licenciado Manuel Belgrano, abogado de los reales consejos y secretario por su majestad del real consulado del virreinato de Buenos Aires en 1797 – 6. Correo de Comercio - |
| 590 ## - LOCAL NOTE (RLIN) | |
| Local note | niveau_biblio:m niveau_hierar:0 |
| 700 1# - ADDED ENTRY--PERSONAL NAME | |
| Personal name | Gagliano, Rafael S. |
| 942 ## - ADDED ENTRY ELEMENTS (KOHA) | |
| Koha item type | |
| Withdrawn status | Lost status | Damaged status | Not for loan | Home library | Current library | Shelving location | Date acquired | Total checkouts | Full call number | Barcode | Date last seen | Price effective from | Koha item type |
|---|---|---|---|---|---|---|---|---|---|---|---|---|---|
| Biblioteca Prof. Eusebio Cleto del Rey | Biblioteca Prof. Eusebio Cleto del Rey | 07/04/2026 | 37(09) B429 | L129226 | 07/04/2026 | 07/04/2026 | Libro |